000
00210 a2200097 4500
001
28239
100
_a
Williams, F A
245
_a
Combustion theory
260
_a
_b
Addison Wesley
_c
1965
090
_c
18853
_d
18853
942
_a
NUST-CAE
_c
M
_c
9839
999
_c
263312
_d
263312